Statistieken voor Grootste steden van Zuid-Amerika

Klik hier om de quiz te nemen!

Algemene statistieken

  • Deze quiz is 21 keer genomen
  • De gemiddelde score is 12 van 15

Antwoorden op de kaart

Antwoorden kleurgecodeerd door een groen-rode schaal op de quizkaart volgens % correct hieronder.
 

Antwoordstatistieken

BevolkingStad% Correct
10.0 mBogotá
100%
16.8 mBuenos Aires
100%
3.80 mCaracas
100%
11.4 mLima
100%
8.00 mSantiago
100%
13.3 mRio de Janeiro
94%
22.7 mSão Paulo
94%
4.10 mBrasília
88%
4.15 mMedellín
75%
5.10 mBelo Horizonte
69%
3.88 mRecife
69%
4.18 mPorto Alegre
63%
3.75 mFortaleza
38%
3.65 mSalvador
38%
3.50 mCuritiba
25%

Scoreverdeling

Percentiel versus Aantal Correcte Antwoorden

Procent van Mensen met Elke Score

Uw Scoregeschiedenis

U heeft deze quiz nog niet genomen